Biggest Cities in Canada (Extreme) - Statistics

General Stats
  • This quiz has been taken 223 times
  • The average score is 60 of 190
Answer Stats
Population City % Correct
4,371,586 Toronto
99%
1,037,560 Calgary
98%
724,697 Edmonton
98%
1,627,638 Montreal
98%
826,158 Ottawa
98%
610,364 Vancouver
98%
365,314 Halifax
92%
537,726 Quebec City
92%
642,981 Winnipeg
90%
374,547 London
87%
89,375 Saint John
87%
100,895 St. John's
87%
179,226 Regina
84%
202,395 Saskatoon
84%
294,628 Victoria
84%
680,097 Mississauga
77%
300,286 Windsor
75%
528,931 Hamilton
73%
83,416 Niagara Falls
71%
101,050 Thunder Bay
71%
16,139 Yellowknife
69%
23,674 Whitehorse
67%
237,737 Kitchener
64%
53,241 Fredericton
62%
116,168 Kingston
62%
441,300 Brampton
61%
401,799 Surrey
61%
74,864 Red Deer
60%
88,978 Moncton
59%
185,143 Richmond
59%
160,584 Sudbury
59%
69,901 Kamloops
58%
383,355 Laval
58%
127,270 Kelowna
57%
246,306 Gatineau
56%
76,243 Sault Ste. Marie
56%
131,683 Sherbrooke
56%
121,761 Trois-Rivieres
55%
185,186 Barrie
53%
314,210 Oshawa
53%
43,134 Charlottetown
52%
154,303 Abbotsford
51%
206,302 Burnaby
49%
117,760 Guelph
48%
266,091 Markham
47%
86,372 Nanaimo
47%
71,837 Lethbridge
44%
64,229 Medicine Hat
44%
33,204 Moose Jaw
44%
77,188 Peterborough
44%
66,690 Prince George
43%
242,992 Vaughan
43%
26,687 Brandon
42%
146,174 Saguenay
42%
107,798 Sydney
42%
84,432 Sarnia
41%
99,159 Waterloo
39%
48,829 North Vancouver
38%
168,559 Oakville
38%
233,291 Longueuil
37%
91,725 Ajax
36%
50,308 Belleville
36%
167,255 Burlington
36%
122,451 Cambridge
36%
77,313 Fort McMurray
36%
188,746 Richmond Hill
36%
60,517 Drummondville
35%
51,037 North Bay
35%
128,579 Levis
34%
35,224 Prince Albert
34%
78,330 Chilliwack
33%
116,544 Coquitlam
33%
89,275 Brantford
32%
131,989 St. Catharines
32%
44,302 Chatham
30%
103,424 Delta
30%
85,819 Milton
30%
55,897 Saint-Jerome
30%
89,355 Pickering
29%
96,339 Terrebonne
29%
43,740 Timmins
29%
49,664 Cornwall
28%
54,911 Granby
28%
42,970 Rimouski
28%
17,052 Sainte-Catherine
28%
16,491 Sainte-Catherine
28%
70,777 Brossard
27%
43,431 West Vancouver
27%
51,195 Saint-Hyacinthe
26%
24,014 Langley
25%
27,466 Lloydminster
25%
75,578 Newmarket
25%
38,373 Penticton
25%
51,200 Welland
25%
48,063 Vernon
24%
67,598 White Rock
24%
59,560 New Westminster
23%
72,850 Saint-Jean-sur-Richelieu
23%
30,755 Stratford
23%
36,734 St. Thomas
22%
25,099 Airdrie
21%
30,699 Orillia
21%
77,554 Repentigny
21%
31,711 Saint-Georges
21%
50,010 Shawinigan
21%
21,007 Truro
21%
31,661 Val-d'Or
21%
34,477 Woodstock
21%
23,016 Owen Sound
20%
18,931 Corner Brook
19%
42,178 Grande Prairie
19%
71,209 Maple Ridge
19%
22,972 Sept-Îles
19%
58,716 St. Albert
19%
35,207 Victoriaville
19%
47,296 Blainville
18%
24,299 Brockville
18%
36,113 Joliette
18%
33,359 Orangeville
18%
27,987 Port Moody
18%
18,931 Cranbrook
17%
34,007 Campbell River
16%
22,582 Duncan
16%
20,706 Lindsay
16%
18,920 Port Colborne
16%
26,940 Boisbriand
15%
39,737 Boucherville
15%
18,412 Cobourg
15%
33,806 Courtenay
15%
103,094 Dartmouth
15%
18,400 Dorval
15%
35,224 Mascouche
15%
24,438 Rouyn-Noranda
15%
43,525 Châteauguay
14%
39,330 Salaberry-de-Valleyfield
14%
19,254 Beloeil
13%
20,845 Kirkland
13%
20,673 New Glasgow
13%
18,907 Rivière-du-Loup
13%
18,074 Spruce Grove
13%
30,323 Baie-Comeau
12%
22,847 Langford
12%
32,722 Midland
12%
35,373 Mirabel
12%
19,776 North Battleford
12%
17,711 Pitt Meadows
12%
30,682 Pointe-Claire
12%
25,936 Prince Edward
12%
29,290 West Kelowna
12%
16,648 Cochrane
11%
21,363 Port Alberni
11%
26,148 Thetford Mines
11%
26,234 Vaudreuil-Dorion
11%
16,930 Edmundston
10%
16,485 Salmon Arm
10%
18,539 Thorold
10%
17,703 Fort St. John
9%
56,014 Sherwood Park
9%
18,886 Dieppe
8%
16,229 Fort Erie
8%
19,917 Huntsville
8%
22,139 La Prairie
8%
25,097 Mount Pearl
8%
30,036 Alma
7%
22,999 Chambly
7%
16,082 Collingwood
7%
18,442 Miramichi
7%
24,371 Saint-Constant
7%
29,520 Sainte-Julie
7%
24,809 St-Bruno-de-Montarville
7%
21,312 Varennes
7%
26,127 Walnut Grove
7%
19,526 Beaconsfield
6%
16,222 Candiac
6%
31,937 Côte Saint-Luc
6%
19,779 Terrace
6%
21,149 Clarence-Rockland
5%
17,382 Conception Bay South
5%
17,703 Deux-Montagnes
5%
17,027 L'Assomption
5%
16,264 Petawawa
5%
19,260 Mont-Royal
4%
18,326 Oak Bay
4%
20,345 Cole Harbour
3%
20,313 Glace Bay
3%
16,801 L'Ancienne-Lorette
3%
21,748 Lower Sackville
3%
17,580 Saint-Augustin-de-Desmaures
3%
18,228 Amos
2%
17,310 Saint-Lazare
2%
No matching quizzes found
Score Distribution
Percent of People with Each Score
Percentile by Number Answered
Your Score History
You have not taken this quiz